|
|
|
|
| LEADER |
00000nab a2200000uu 4500 |
| 001 |
vtls010892041 |
| 003 |
SK-MaSNL |
| 005 |
20260303141921.0 |
| 008 |
230222|1975 xo |||||||||||||||||eng| |
| 015 |
|
|
|a SNBRB
|
| 035 |
|
|
|a (urnnbn)urn:nbn:sk:snk:ar-0065ww
|
| 035 |
|
|
|a (uuid)d2a2bbd2-f98d-40b1-889c-a1460c837272
|
| 035 |
|
|
|a urn:nbn:sk:snk-ab8lop
|
| 040 |
|
|
|a SNKBUCL
|b slo
|c SNKBUCL
|e AACR2
|
| 041 |
0 |
|
|a eng
|
| 044 |
|
|
|a xo
|c SK
|
| 100 |
1 |
|
|a Swartz, Charles
|4 aut
|9 1161824
|
| 245 |
1 |
0 |
|a PROJECTIVE TENSOR PRODUCT OF lp-VALUED MEASURES
|c Charles Swartz, Richard Bagby
|
| 700 |
1 |
|
|a Bagby, Richard
|4 aut
|9 1161825
|
| 773 |
0 |
|
|t Matematický časopis
|g Roč. 25, č. 3 (1975), s. 265-269
|
| 958 |
|
|
|a OND
|
| 958 |
|
|
|a EUIPO
|
| 958 |
|
|
|a article10
|
| 999 |
|
|
|c 1979636
|d 1981566
|